Exporting to the UK : a basic guide for the developing country exporter.
| Format: | Book |
|---|---|
| Published: |
Oxford:
Pergamon,
1983.
|
| Subjects: |
| LEADER | 00483cam a2200157 7i4500 | ||
|---|---|---|---|
| 001 | 0000003476 | ||
| 005 | 19991025090000.0 | ||
| 002 | ##000004844 | ||
| 020 | 0 | 0 | |a 0-08-030205-x |
| 090 | 0 | 0 | |a U.K. 382.6 |b EXP |
| 245 | 1 | 0 | |a Exporting to the UK : |b a basic guide for the developing country exporter. |
| 260 | 0 | 0 | |a Oxford: |b Pergamon, |c 1983. |
| 300 | 0 | 0 | |a 75 p.. |
| 650 | 0 | 0 | |a Exports -- |x Handbooks,manuals,etc. |
| 651 | 0 | 0 | |a United Kingdom |
| 999 | |a 0000005759 |b Book |c Open shelf |e Business Information Centre | ||


